Logo BPK

Biblioteka

Politechniki Koszalińskiej

Build your business grammar / (Rekord nr 38634)

Szczegóły MARC
000 -ETYKIETA REKORDU
podpole kontrolne o stałej długości 00575nam a2200217 i 4500
001 - NUMER KONTROLNY REKORDU
pole kontrolne bg
020 ## - MIĘDZYNARODOWY ZNORMALIZOWANY NUMER KSIĄŻKI - ISBN
ISBN 1899396454
040 ## - ŹRÓDŁO KATALOGOWANIA
Instytucja, która utworzyła rekord BPK
041 0# - KOD JĘZYKA
Kod języka tekstu en
080 ## - UNIWERSALNA KLASYFIKACJA DZIESIĘTNA - UKD
UKD 372.881.111.1::811.111'36:33
920 ## - Międzynarodowy znormalizowany numer książki – ISBN
ISBN 1-899396-45-4
008 - POLE O STAŁEJ DŁUGOŚCI - DANE KONTROLNE
podpole kontrolne o stałej długości s pl f |000 0 pol
100 1# - NAZWA OSOBOWA
Nazwa osobowa BOWEN, Tim
245 10 - TYTUŁ/ODPOWIEDZIALNOŚĆ
Tytuł Build your business grammar /
Pozostałe elementy strefy tytułu i oznaczenia odpowiedzialności Tim Bowen.
260 ## - STREFA ADRESU WYDAWNICZEGO
Miejsce wydania Hove :
Nazwa wydawcy/dystrybutora LTP,
Data publikacji, dystrybucji/powstania dokumentu 1999.
300 ## - STREFA OPISU FIZYCZNEGO
Objętość 96 p. :
Inne cechy fizyczne ill. ;
Rozmiary 24 cm.
650 #9 - HASŁO PRZEDMIOTOWE W FORMIE NAZWY OGÓLNEJ LUB JEDNOSTKOWEJ
Nazwa ogólna lub geograficzna Język angielski
Określnik ogólny gramatyka
-- nauczanie
650 #9 - HASŁO PRZEDMIOTOWE W FORMIE NAZWY OGÓLNEJ LUB JEDNOSTKOWEJ
Nazwa ogólna lub geograficzna Nauki ekonomiczne
Określnik ogólny słownictwo
655 ## - TERMIN INDEKSOWY - OKREŚLENIE RODZAJU/FORMY DOKUMENTU
Określenie rodzaju/formy dokumentu Podręczniki
942 ## - DODATKOWE ELEMENTY (KOHA)
Typ dokumentu Książka
Egzemplarze
Wycofany Status egzemplarza Uszkodzony Dostępność Lokalizacja stała Lokalizacja bieżąca Miejsce przechowywania Sygnatura Kod kreskowy Typ dokumentu
      Tylko na miejscu Biblioteka Politechniki Koszalińskiej Biblioteka Politechniki Koszalińskiej Czytelnia Wydziałowa ul. Kwiatkowskiego 6e 56615 01526455 Książka
© 2023 Biblioteka Politechniki Koszalińskiej :: KOHA